Normal view
MARC view
Entry Personal Name
001 - CONTROL NUMBER
- control field: 16224
003 - CONTROL NUMBER IDENTIFIER
- control field: ARRUPE
005 - DATE AND TIME OF LATEST TRANSACTION
- control field: 20150311150911.0
008 - FIXED-LENGTH DATA ELEMENTS
- fixed length control field: 150311|| aca||aabn | a|a d
040 ## - CATALOGING SOURCE
- Original cataloging agency: ARRUPE
- Transcribing agency: ARRUPE
100 ## - HEADING--PERSONAL NAME
- Personal name: Markoš, Anton,
- Dates associated with a name: 1949-
670 ## - SOURCE DATA FOUND
- Source citation: Work cat.: (ARRUPE)0: Markoš, Anton, 1949-, Readers of the book of life :, 2002.